Professional Chef_The art of fine Cooking (Record no. 7361)
[ view plain ]
| 000 -LEADER | |
|---|---|
| fixed length control field | 00224nam a2200085Ia 4500 |
| 008 - FIXED-LENGTH DATA ELEMENTS--GENERAL INFORMATION | |
| fixed length control field | 170524s9999 xx 000 0 und d |
| 100 ## - MAIN ENTRY--PERSONAL NAME | |
| Personal name | Khetarpaul-Neelam |
| 245 #0 - TITLE STATEMENT | |
| Title | Professional Chef_The art of fine Cooking |
| 260 ## - PUBLICATION, DISTRIBUTION, ETC. | |
| Name of publisher, distributor, etc. | UBS Pub.Dis.Ltd |
| 260 ## - PUBLICATION, DISTRIBUTION, ETC. | |
| Date of publication, distribution, etc. | 2006 |
No items available.

